| 000 | 01498nam a2200277Ia 4500 | ||
|---|---|---|---|
| 003 | PE SENCICO BE | ||
| 005 | 20251020182436.0 | ||
| 008 | 200515s9999 xx 000 0 und d | ||
| 020 | _a958-699-047-8 | ||
| 040 |
_aPE SENCICO BE _cPE SENCICO BE |
||
| 041 | _aspa | ||
| 082 |
_a510 _bA39 |
||
| 100 | 1 |
_aAliaga Valdez, Carlos _93102 _eautor |
|
| 245 | 1 | 0 |
_aMatemáticas financieras : _bun enfoque práctico / _cCarlos Aliaga Valdez, Carlos Aliaga Calderón ; revisión técnica : Alfredo Vento Ortiz |
| 250 | _a1a ed. | ||
| 260 |
_aBogotá : _bPrentice Hall : _bPearson educación de Colombia ; _c2002 |
||
| 300 |
_a410 páginas : _bilustraciones, tablas ; _c25 cm. |
||
| 505 | 0 | _aInterés simple -- Interés compuesto -- Descuento -- Tasas -- Inflación y devaluación -- Anualidades vencidas -- Anualidades anticipadas -- Anualidades diferidas -- Perpetuidades -- Anualidades generales -- Gradientes -- Fondos de amortización -- Amortización -- Indicadores VAN y TIR | |
| 520 | 3 | _aEsta obra incluye los temas más actualizados e importantes de matemáticas financieras. También presenta las herramientas y los modelos de solución de esta actividad en un contexto tecnológico, con la ayuda de las Funciones Financieras Personalizadas (FFP) | |
| 650 | 1 | 0 |
_aMatemáticas financieras _92274 |
| 650 | 2 | 0 |
_aInterés _93103 |
| 650 | 2 | 0 |
_aTasas de interés _93104 |
| 700 | 1 |
_93105 _aAliaga Calderón, Carlos _eautor |
|
| 710 | 1 |
_93106 _aVento Ortiz, Alfredo _erevisión |
|
| 942 |
_cLIB _2ddc |
||
| 999 |
_c397 _d397 |
||